| 000 | 01575nam a22003977a 4500 | ||
|---|---|---|---|
| 003 | OSt | ||
| 005 | 20230817113122.0 | ||
| 008 | 221006b |||||||| |||| 00| 0 eng d | ||
| 040 | _cBiblioteca Lado V | ||
| 082 |
_a305 _bM953m |
||
| 130 |
_9949 _aMujer/Fempress _lspa |
||
| 245 |
_aMujer/Fempress/ _bRed de comunicación alternativa de la mujer/ |
||
| 260 |
_bFEMPRESS _c1998 _aChile |
||
| 300 |
_c22x31cm _a29p. |
||
| 490 | _v1998 | ||
| 505 |
_aSe nos cae la cara de vergüenza _tCHILE |
||
| 505 |
_aCosechas Beijing _tINTERNACIONAL |
||
| 505 |
_aEntre dos fuegos _tPERU |
||
| 505 |
_aCalidad de atención en salud _tCOLOMBIA |
||
| 505 |
_aPropuestas para un nuevo diseño de políticas públicas _tARGENTINA |
||
| 505 |
_aLa apertura petrolera afecta a indígenas _tVENEZUELA |
||
| 505 |
_aUn parche para la equidad _tPUERTO RICO |
||
| 505 |
_aUn adiós a Zita _tARGENTINA |
||
| 505 |
_aComisaria del Parlamento Europeo moviliza el continente _tEUROPA |
||
| 505 |
_a¿Espejismo o Realidad? _tCOSTA RICA |
||
| 505 |
_aUn proyecto de vivienda para jefas de familia _tURUGUAY |
||
| 505 |
_aEscasa participación política
Las tres Manuelas _tECUADOR |
||
| 505 | _aRECORTES | ||
| 505 | _aCOMUNICANDONOS | ||
| 650 |
_2Tesauro de Arte & Arquitectura _aMUJER _9703 |
||
| 650 |
_2Tesauro de Arte & Arquitectura _aCOMUNICACIÓN |
||
| 650 |
_2Tesauro de Arte & Arquitectura _aRED FEMENINA |
||
| 650 |
_2Tesauro de Arte & Arquitectura _aCULTURA |
||
| 651 |
_2Tesauro de Arte & Arquitectura _aINTERNACIONAL |
||
| 942 |
_2ddc _c1 _h305 _iM953m _n0 |
||
| 999 |
_c4160 _d4160 |
||